Schaum's outline of theory and problems of statistics (Record no. 63775)
[ view plain ]
| 000 -LEADER | |
|---|---|
| fixed length control field | 00545nam a22001937a 4500 |
| 003 - CONTROL NUMBER IDENTIFIER | |
| control field | NUST - PNEC |
| 005 - DATE AND TIME OF LATEST TRANSACTION | |
| control field | 20170116180822.0 |
| 008 - FIXED-LENGTH DATA ELEMENTS--GENERAL INFORMATION | |
| fixed length control field | 150624b xxu||||| |||| 00| 0 eng d |
| 020 ## - INTERNATIONAL STANDARD BOOK NUMBER | |
| International Standard Book Number | - |
| 040 ## - CATALOGING SOURCE | |
| Transcribing agency | LIBRARY |
| 082 ## - DEWEY DECIMAL CLASSIFICATION NUMBER | |
| Classification number | 519.5 SPI |
| 100 ## - MAIN ENTRY--PERSONAL NAME | |
| 9 (RLIN) | 4173 |
| Personal name | Spiegel, Murray R. |
| 245 ## - TITLE STATEMENT | |
| Title | Schaum's outline of theory and problems of statistics |
| Statement of responsibility, etc. | Murray R. Spiegel |
| 250 ## - EDITION STATEMENT | |
| Edition statement | 1st ed. |
| 260 ## - PUBLICATION, DISTRIBUTION, ETC. | |
| Place of publication, distribution, etc. | New York: |
| Name of publisher, distributor, etc. | Schaum's Outline series, |
| Date of publication, distribution, etc. | c1961. |
| 300 ## - PHYSICAL DESCRIPTION | |
| Extent | 359 p. : |
| Dimensions | 27 cm. |
| 650 ## - SUBJECT ADDED ENTRY--TOPICAL TERM | |
| 9 (RLIN) | 4174 |
| Topical term or geographic name entry element | Statistics, Calculus |
| General subdivision | ME |
| 942 ## - ADDED ENTRY ELEMENTS (KOHA) | |
| Source of classification or shelving scheme | |
| Koha item type | Book |
| Withdrawn status | Lost status | Source of classification or shelving scheme | Damaged status | Not for loan | Permanent Location | Current Location | Shelving location | Date acquired | Source of acquisition | Total Checkouts | Full call number | Barcode | Date last seen | Price effective from | Koha item type |
|---|---|---|---|---|---|---|---|---|---|---|---|---|---|---|---|
| Pakistan Navy Engineering College (PNEC) | Pakistan Navy Engineering College (PNEC) | 06/26/1991 | Library /reference Grant | 519.5 SPI | PNECLIB-011052 | 06/24/2015 | 06/26/1991 | Book | |||||||
| Pakistan Navy Engineering College (PNEC) | Pakistan Navy Engineering College (PNEC) | 06/26/1991 | Library /reference Grant | 519.5 SPI | PNECLIB-011038 | 06/24/2015 | 06/24/2015 | Book | |||||||
| Pakistan Navy Engineering College (PNEC) | Pakistan Navy Engineering College (PNEC) | 06/26/1991 | Library /reference Grant | 519.5 SPI | PNECLIB-011046 | 06/24/2015 | 06/26/1991 | Book | |||||||
| Pakistan Navy Engineering College (PNEC) | Pakistan Navy Engineering College (PNEC) | 06/26/1991 | Library /reference Grant | 519.5 SPI | PNECLIB-011048 | 06/24/2015 | 06/26/1991 | Book | |||||||
| Pakistan Navy Engineering College (PNEC) | Pakistan Navy Engineering College (PNEC) | 06/26/1991 | Library /reference Grant | 519.5 SPI | PNECLIB-011043 | 06/24/2015 | 06/26/1991 | Book | |||||||
| Pakistan Navy Engineering College (PNEC) | Pakistan Navy Engineering College (PNEC) | 06/26/1991 | Library /reference Grant | 519.5 SPI | PNECLIB-011051 | 06/24/2015 | 06/26/1991 | Book | |||||||
| Pakistan Navy Engineering College (PNEC) | Pakistan Navy Engineering College (PNEC) | 06/26/1991 | Library /reference Grant | 519.5 SPI | PNECLIB-011053 | 06/24/2015 | 06/26/1991 | Book | |||||||
| Pakistan Navy Engineering College (PNEC) | Pakistan Navy Engineering College (PNEC) | 06/26/1991 | Library /reference Grant | 519.5 SPI | PNECLIB-011055 | 06/24/2015 | 06/26/1991 | Book | |||||||
| Pakistan Navy Engineering College (PNEC) | Pakistan Navy Engineering College (PNEC) | 519.5 SPI | PNECLIB-011042 | 08/03/2015 | Book |
